Super Mario Bros. Characters - Statistics

General Stats
  • This quiz has been taken 126 times
  • The average score is 31 of 100
Answer Stats
Answer % Correct
1 Mario
99%
2 Luigi
98%
3 Peach
94%
36 Bowser
93%
7 Toad
85%
4 Daisy
76%
39 Koopa
76%
5 Yoshi
75%
37 Bowser Jr.
71%
19 Donkey Kong
71%
38 Goomba
71%
10 Wario
68%
11 Waluigi
65%
8 Toadette
63%
12 Rosalina
60%
20 Diddy Kong
59%
6 Birdo
58%
59 Boo
56%
14 Baby Luigi
49%
13 Baby Mario
49%
46 Larry
49%
47 Lemmy
49%
44 Dry Bones
48%
48 Ludwig
48%
51 Morton
48%
50 Wendy
48%
15 Baby Peach
45%
52 Iggy
45%
49 Roy
45%
60 King Boo
44%
89 Shy Guy
44%
16 Baby Daisy
43%
22 Funky Kong
41%
42 Kamek
39%
92 Lakitu
39%
41 Paratroopa
39%
17 Baby Rosalina
36%
33 Wiggler
36%
23 Cranky Kong
34%
43 Hammer Bro
34%
9 Toadsworth
34%
65 Chain Chomp
33%
21 Dixie Kong
33%
45 Dry Bowser
33%
32 Petey Piranha
33%
54 Luma
30%
61 Bullet Bill
29%
28 King K Rool
28%
83 Boom Boom
25%
18 Baby Wario
24%
40 Paragoomba
24%
86 Fire Bro
23%
90 Bob-omb
21%
75 Spike
21%
76 Thwomp
21%
24 Donkey Kong Jr
20%
34 Metal Mario
20%
93 Spiny
20%
27 Tiny Kong
20%
85 Boomerang Bro
18%
87 Ice Bro
18%
70 Pauline
18%
77 Whomp
16%
26 Lanky Kong
15%
91 King Bob-omb
14%
35 Pink Gold Peach
14%
84 Pom Pom
14%
25 Candy Kong
13%
97 Cat Peach
11%
71 Dr. Mario
11%
29 Kritter
11%
74 Nabbit
11%
68 Pianta
11%
96 Tanooki Mario
11%
67 F.L.U.D.D.
10%
56 Professor E. Gadd
10%
95 Fire Mario
9%
58 Wart
9%
66 Honey Queen
8%
79 Bully
6%
80 Fawful
6%
100 Fox Luigi
6%
31 Kip
6%
69 Noki
6%
78 Chargin' Chuck
5%
72 Geno
5%
30 Kalypso
5%
64 Koopa Kid
5%
53 Lubba
5%
88 Sumo Bro
5%
62 Bonsai Bill
4%
63 Goombrat
3%
82 Mechakoopa
3%
81 Ashley
1%
99 Fox Toad
1%
98 Frog Luigi
1%
73 Mallow
1%
55 MC Ballyhoo
1%
94 Pidgit
1%
57 Tatanga
1%
No matching quizzes found
Score Distribution
Percent of People with Each Score
Percentile by Number Answered
Your Score History
You have not taken this quiz